Microsoft MS-DOS: user's guide
Uloženo v:
| Korporativní autor: | |
|---|---|
| Médium: | Kniha |
| Jazyk: | angličtina |
| Vydáno: |
Redmond
Microsoft
1986
|
| Témata: | |
| Tagy: |
Přidat tag
Žádné tagy, Buďte první, kdo vytvoří štítek k tomuto záznamu!
|
MARC
| LEADER | 00000nam a2200000 a 4500 | ||
|---|---|---|---|
| 001 | UCR9457 | ||
| 003 | CL-VaPUC | ||
| 008 | 980613e19860000us |||||||||||||||||eng|d | ||
| 082 | 0 | 4 | |a 005.43 |b MIC |2 21 |
| 110 | 2 | |a Microsoft Corporation |e author |9 412029 | |
| 245 | 1 | 0 | |a Microsoft MS-DOS: user's guide |
| 300 | |a 455 p | ||
| 942 | |c BK | ||
| 945 | |d 19980613 00:00:00 |a crobeson | ||
| 260 | |a Redmond |b Microsoft |c 1986 | ||
| 650 | 7 | |a MS-DOS SISTEMA OPERATIVO PARA COMPUTADORES |2 CL-VaPUC |9 271704 | |
| 650 | 7 | |a SISTEMAS OPERATIVOS COMPUTADORES |2 CL-VaPUC |9 263174 | |
| 583 | |a last modification |c 20171122 06:29:54 |k Rodrigo Vera | ||
| 999 | |c 270651 |d 270649 | ||
| 952 | |0 0 |1 0 |4 0 |6 005_430000000000000_MIC_1986 |7 0 |8 A |9 305018 |a BIBGIM |b BIBGIM |d 2019-11-20 |i 1413600 |o 005.43 MIC 1986 |p 1413600 |r 2025-01-15 |w 2019-11-20 |y BK |k COM | ||